000 00309nam a22000977a 4500
008 150617b xxu||||| |||| 00| 0 eng d
010 _8HCCRSF:003
245 _aHIGH COURT CRIMINAL SESSION NO.161 OF 1969 Uganda Vs Isenged s/o Lanyansi
260 _aHigh Court Kampala
500 _3BEFORE: Hon. Mr. Justice J.W. Mead
999 _c6302
_d6302